Остановка в городе: повесть и рассказы; пер. с эст.

Detalles Bibliográficos
Autor principal: Винт Т. Тоомас
Otros Autores: Позднякова Е. (переводчик)
Lenguaje:ruso
Publicado: Таллин, Ээсти раамат, 1981
Materias:
Formato: Libro
KOHA link:https://koha.lib.tpu.ru/cgi-bin/koha/opac-detail.pl?biblionumber=135532

MARC

LEADER 00000nam0a2200000 4500
001 135532
005 20231101220546.0
020 |a RU  |b 81-53242 
035 |a (RuTPU)RU\TPU\book\146886 
090 |a 135532 
100 |a 20080411d1981 m y0rusy5003 ca 
101 1 |a rus  |c est 
102 |a RU 
105 |a y z 000ay 
200 1 |a Остановка в городе  |e повесть и рассказы  |e пер. с эст.  |f Т. Винт  |g пер. Е. Позднякова 
210 |a Таллин  |c Ээсти раамат  |d 1981 
215 |a 192 с. 
606 1 |a Эстонская литература  |2 stltpush  |3 (RuTPU)RU\TPU\subj\21450  |9 46446 
610 1 |a художественная литература 
610 1 |a повести 
610 1 |a рассказы 
675 |a 894.545  |z rus 
700 1 |a Винт  |b Т.  |g Тоомас 
702 1 |a Позднякова  |b Е.  |4 730 
801 0 |a RU  |b RuMRKP  |c 19950704  |g psbo 
801 1 |a RU  |b 63413507  |c 20080411  |g PSBO 
801 2 |a RU  |b 63413507  |c 20200629  |g PSBO 
942 |c BK